| 000 | 00523nam a22002057a 4500 | ||
|---|---|---|---|
| 003 | OSt | ||
| 005 | 20140310182829.0 | ||
| 008 | 130601t xxu||||| |||| 00| 0 eng d | ||
| 020 | _a0143037528 | ||
| 050 |
_aU 101 _b.G472 1993 |
||
| 082 |
_aM 355.02 _bG39 1993 |
||
| 245 |
_aSun Tzu : _cthe art of war / _bGiles, Lionel |
||
| 260 |
_aNew York _bPenguin Books _c2006 |
||
| 300 |
_ax, 100 p. _c18 cm. |
||
| 521 | _acollege students | ||
| 526 | _c1210L-1700L | ||
| 541 | _j1 | ||
| 562 | _e1 | ||
| 942 |
_2lcc _cBK _kM |
||
| 999 |
_c16593 _d16593 |
||